000 00731nam a2200181Ia 4500
008 090630s9999 xx 000 0 und d
082 _b21069
100 _aपुंडलिक शास्त्री.
245 _aघरच्या देवाचा अभिषेक.
_cपुंडलिक शास्त्री.
260 _bअनिकेत - पुणे.
_c2001
300 _a64
600 _aपुंडलिक शास्त्री.
630 _aघरच्या देवाचा अभिषेक.
655 _aधार्मिक.
700 _aपुंडलिक शास्त्री.
730 _aघरच्या देवाचा अभिषेक.
942 _cBOOK
999 _c272925
_d272925